<?xml version="1.0" encoding="UTF-8"?><?xml-stylesheet type="text/xsl" href="static/style.xsl"?><OAI-PMH xmlns="http://www.openarchives.org/OAI/2.0/" xmlns:xsi="http://www.w3.org/2001/XMLSchema-instance" xsi:schemaLocation="http://www.openarchives.org/OAI/2.0/ http://www.openarchives.org/OAI/2.0/OAI-PMH.xsd"><responseDate>2026-04-30T00:48:25Z</responseDate><request verb="GetRecord" identifier="oai:uvadoc.uva.es:10324/59794" metadataPrefix="marc">https://uvadoc.uva.es/oai/request</request><GetRecord><record><header><identifier>oai:uvadoc.uva.es:10324/59794</identifier><datestamp>2023-06-08T19:00:30Z</datestamp><setSpec>com_10324_150</setSpec><setSpec>col_10324_696</setSpec></header><metadata><record xmlns="http://www.loc.gov/MARC21/slim" xmlns:doc="http://www.lyncode.com/xoai" xmlns:xsi="http://www.w3.org/2001/XMLSchema-instance" xmlns:dcterms="http://purl.org/dc/terms/" xsi:schemaLocation="http://www.loc.gov/MARC21/slim http://www.loc.gov/standards/marcxml/schema/MARC21slim.xsd">
<leader>00925njm 22002777a 4500</leader>
<datafield tag="042" ind1=" " ind2=" ">
<subfield code="a">dc</subfield>
</datafield>
<datafield tag="260" ind1=" " ind2=" ">
<subfield code="c">1662</subfield>
</datafield>
<datafield tag="024" ind2=" " ind1="8">
<subfield code="a">https://uvadoc.uva.es/handle/10324/59794</subfield>
</datafield>
<datafield tag="024" ind2=" " ind1="8">
<subfield code="a">U/Bc 12832 (25)</subfield>
</datafield>
<datafield ind1=" " ind2=" " tag="653">
<subfield code="a">Austria, Juan José de, Infante de España</subfield>
</datafield>
<datafield ind1=" " ind2=" " tag="653">
<subfield code="a">Portugal - Historia - 1640-1668 (Guerra de la Restauración)</subfield>
</datafield>
<datafield tag="245" ind1="0" ind2="0">
<subfield code="a">Relación verdadera y quarto Diario de la feliz vitoria que han tenido las Catolicas armas de su magestad (que Dios guarde) contra el Rebelde de Portugal, governadas, y asistidas por su Alteza el Serenisimo señor Don Juan de Austria, en el sitio, y toma de la villa de Ocrato, con otros doze lugares de su Priorato, que sus nombres van al fin desta relacion</subfield>
</datafield>
</record></metadata></record></GetRecord></OAI-PMH>